| 000 | 00703nam a22002057a 4500 | ||
|---|---|---|---|
| 999 |
_c11936 _d11936 |
||
| 003 | AR-CdUCM | ||
| 008 | 190405b ||||| |||| 00| 0 spa d | ||
| 040 |
_aMUNICIPALIDAD PROVINCIAL DEL CUSCO _cBIBLIOTECA MUNICIPAL DEL CUSCO |
||
| 082 |
_a910.08 / _bC111 |
||
| 100 |
_aCamba, Julio _911835 |
||
| 245 | _aPlayas, ciudades y montañas / | ||
| 260 |
_aBuenos Aires : _bEspasa-Calpe, _c1947. |
||
| 300 |
_a148 páginas ; _c18 cm. |
||
| 505 | _aLa neurasteniay la literatura -- La isla de Arosa -- El libro capitan portela -- Los curas de aldea -- Los foros. | ||
| 650 |
_aPlayas. _929558 |
||
| 650 |
_aCiudades. _92995 |
||
| 650 |
_aMontañas. _9629 |
||
| 942 |
_2ddc _cLIBROS |
||
| 945 |
_awfj _d2019-04-05 |
||